• 首页
  • 本馆介绍
  • 公告通知
  • 最新文献
  • 馆藏检索
  • 电子资源
  • 读者导购
  • 参考咨询
  • 我的图书馆
  • 登录
  • 详细信息显示
  • 放入我的书架
  • 预约/预借图书
  • 作者相关作品
  • 分类相关作品
  • 丛书相关作品
  • 出版社相关作品

书目信息

  • 表格格式
  • 工作单格式
  • 卡片格式
题名:
肉牛养殖技术
    
 
作者: 包牧仁 , 孙鹏举 , 王景山 主编
分册:  
出版信息: 北京   中国农业科学技术出版社  2017.11
页数: 139页
开本: 24cm
丛书名:
单 册:
中图分类: S823.9
科图分类:
主题词: 肉牛--饲养管理
电子资源:
ISBN: 978-7-5116-2485-7
000 00826nam0 2200241 450
001 4960
005 20181013162113.38
010    @a978-7-5116-2485-7@dCNY48.00
100    @a20180612d2017 em y0chiy50 ea
101 0  @achi
102    @aCN@b110000
105    @aac z 000yy
200 1  @a肉牛养殖技术@9rou niu yang zhi ji shu@f包牧仁, 孙鹏举, 王景山主编
210    @a北京@c中国农业科学技术出版社@d2017.11
215    @a139页@c图,肖像@d24cm
330    @a本书主要阐述了肉牛的品种资源、牛场的建设、常用的饲料与营养、繁殖育种方法、各时期生长的饲养管理技术要点、常见疾病与防疫方法等内容。
606 0  @a肉牛@x饲养管理
690    @aS823.9@v5
701  0 @a包牧仁@9bao mu ren@4主编
701  0 @a孙鹏举@9sun peng ju@4主编
701  0 @a王景山@9wang jing shan@4主编
801  0 @aCN@b91MARC@c20180612
905    @aMuseLib@dS823.9@e177
    
    肉牛养殖技术/包牧仁, 孙鹏举, 王景山主编.-北京:中国农业科学技术出版社,2017.11
    139页:图,肖像;24cm
    
    
    ISBN 978-7-5116-2485-7:CNY48.00
    本书主要阐述了肉牛的品种资源、牛场的建设、常用的饲料与营养、繁殖育种方法、各时期生长的饲养管理技术要点、常见疾病与防疫方法等内容。
●
相关链接 在E读中查询图书 在五车中查询图书 在当当中查询图书 在豆瓣中查询图书


正题名:肉牛养殖技术     索取号:S823.9/177         预约/预借

序号 登录号 条形码 馆藏地/架位号 状态 备注
1 1127454   211274547   第二样本阅览室/ [索取号:S823.9/177] 在馆    
2 1127455   211274556   第三借阅区/ [索取号:S823.9/177] 在馆    
3 1127456   211274565   第三借阅区/ [索取号:S823.9/177] 在馆    
4 1127457   211274574   第三借阅区/ [索取号:S823.9/177] 在馆    
5 1127458   211274583   生命科学系资料室/ [索取号:S823.9/177] 在馆    
唐山师范学院图书馆 欢迎您!
大连网信软件有限公司© 版权所有